书目信息 |
| 题名: |
CMOS模拟集成电路分析与设计
|
|
| 作者: | 吴建辉 编著 | |
| 分册: | ||
| 出版信息: | 北京 电子工业出版社 2011.06 |
|
| 页数: | 366页 | |
| 开本: | 26cm | |
| 丛书名: | ||
| 单 册: | ||
| 中图分类: | TN432 | |
| 科图分类: | ||
| 主题词: | CMOS电路--CMOSdian lu--模拟集成电路--电路分析--高等教育--教材 , CMOS电路--CMOSdian lu--模拟集成电路--电路设计--高等教育--教材 | |
| 电子资源: | ||
| ISBN: | 978-7-121-13512-5 | |
| 000 | 01111nam0 2200265 450 | |
| 001 | 2033507525 | |
| 005 | 20201122095428.30 | |
| 010 | @a978-7-121-13512-5@dCNY45.00 | |
| 100 | @a20111015e20192011em y0chiy50 ea | |
| 101 | 0 | @achi |
| 102 | @aCN@b110000 | |
| 105 | @ay z 000yy | |
| 106 | @ar | |
| 200 | 1 | @aCMOS模拟集成电路分析与设计@9CMOS mo ni ji cheng dian lu fen xi yu she ji@f吴建辉编著 |
| 205 | @a2版 | |
| 210 | @a北京@c电子工业出版社@d2011.06@h2019.07 | |
| 215 | @a366页@d26cm | |
| 300 | @a普通高等教育“十一五”国家级规划教材电子科学与技术专业规划教材 | |
| 330 | @a本书从CMOS器件物理及高阶效应出发,介绍了CMOS模拟集成电路的基础,然后分别介绍了模拟集成电路中的各种电路模块:基本放大器、恒流源电路、差分放大器、运算放大器、基准电压源、开关电容电路、集成电压比较器、数/模转换与模/数转换、振荡器与锁相环等。 | |
| 606 | 0 | @aCMOS电路@9CMOSdian lu@x模拟集成电路@x电路分析@x高等教育@j教材 |
| 606 | 0 | @aCMOS电路@9CMOSdian lu@x模拟集成电路@x电路设计@x高等教育@j教材 |
| 690 | @aTN432@v5 | |
| 701 | 0 | @a吴建辉@9wu jian hui@4编著 |
| 801 | 0 | @aCN@bBJSZM@c20201120 |
| 905 | @b1244920-3@dTN432@e200=2@f4 | |
| CMOS模拟集成电路分析与设计/吴建辉编著.-2版.-北京:电子工业出版社,2011.06(2019.07) |
| 366页;26cm |
| 普通高等教育“十一五”国家级规划教材电子科学与技术专业规划教材 |
| ISBN 978-7-121-13512-5:CNY45.00 |
| 本书从CMOS器件物理及高阶效应出发,介绍了CMOS模拟集成电路的基础,然后分别介绍了模拟集成电路中的各种电路模块:基本放大器、恒流源电路、差分放大器、运算放大器、基准电压源、开关电容电路、集成电压比较器、数/模转换与模/数转换、振荡器与锁相环等。 |
| ● |
| 相关链接 |
|
|
|
|
正题名:CMOS模拟集成电路分析与设计
索取号:TN432/200=2
 
预约/预借
| 序号 | 登录号 | 条形码 | 馆藏地/架位号 | 状态 | 备注 |
| 1 | 1244920 | 212449206 | 第二样本阅览室/ [索取号:TN432/200=2] | 在馆 | |
| 2 | 1244921 | 212449215 | 第三借阅区/ [索取号:TN432/200=2] | 在馆 | |
| 3 | 1244922 | 212449224 | 第三借阅区/ [索取号:TN432/200=2] | 在馆 | |
| 4 | 1244923 | 212449233 | 第三借阅区/ [索取号:TN432/200=2] | 在馆 |